<?xml version="1.0" encoding="UTF-8"?>
<marc:record xmlns:marc="http://www.loc.gov/MARC21/slim">
   <marc:leader>00000nam a2200000 a 4500</marc:leader>
   <marc:datafield ind1=" " ind2=" " tag="653">
      <marc:subfield code="a">ab 4 Jahren</marc:subfield>
   </marc:datafield>
   <marc:datafield ind1=" " ind2=" " tag="653">
      <marc:subfield code="a">2-4 Spieler</marc:subfield>
   </marc:datafield>
   <marc:datafield ind1="0" ind2="0" tag="245">
      <marc:subfield code="a">Hüpfzwerge</marc:subfield>
   </marc:datafield>
   <marc:datafield ind1=" " ind2="1" tag="264">
      <marc:subfield code="a">Güster</marc:subfield>
      <marc:subfield code="b">Goki</marc:subfield>
   </marc:datafield>
   <marc:datafield ind1="1" ind2=" " tag="520">
      <marc:subfield code="a">Bei dem lustigen Kinderspiel „Hüpfzwerge“ müssen die Zwerge mit Hilfe der Wippe in die richtigen Öffnungen hüpfen - dafür gibt es Punkte. Wer die meisten Punkte hat, gewinnt das Spiel! Hier ist Geschicklichkeit gefragt: Entfernungen und der nötige Schwung müssen abgeschätzt werden</marc:subfield>
   </marc:datafield>
   <marc:datafield ind1="3" ind2=" " tag="024">
      <marc:subfield code="a">4013594568241</marc:subfield>
   </marc:datafield>
</marc:record>
